000 00388nam a2200145Ia 4500
008 240624s9999 xx 000 0 und d
041 _aeng
082 _a658.5 ADA
100 _aADAM EVERETT E
245 _aPRODUCTION AND OPERATIONS MANAGEMENT CONCEPTS
250 _a(5th ed.)
260 _c2004
_aNew Delhi
_bPrentice-Hall of India
300 _axv, : 729 : p. : cm. ; 27
365 _cRS
999 _c1669
_d1669